Central Library OPAC University of Rajshahi

Palaces of Seoul : (Record no. 63823)

MARC details
000 -LEADER
fixed length control field 00859nam a2200241 a 4500
001 - CONTROL NUMBER
control field 63823
003 - CONTROL NUMBER IDENTIFIER
rucl marc code BD-RjUL
005 - DATE AND TIME OF LATEST TRANSACTION
control field 20211209081234.0
008 - FIXED-LENGTH DATA ELEMENTS--GENERAL INFORMATION
fixed length control field 170204m19721987ko ab 001 0 eng
035 ## - SYSTEM CONTROL NUMBER
System control number (BD-RjUL)63953
040 ## - CATALOGING SOURCE
Original cataloging agency DLC
Transcribing agency DLC
Language of cataloging eng
Modifying agency BD-RjUL
041 ## - LANGUAGE CODE
Language code of text/sound track or separate title eng
082 00 - DEWEY DECIMAL CLASSIFICATION NUMBER
Classification number 915.195
Edition number 23
Author mark and year ADP 1987
100 1# - MAIN ENTRY--PERSONAL NAME
Personal name Adams, Edward Ben,
Dates associated with a name 1934-
9 (RLIN) 189475
245 10 - TITLE STATEMENT
Title Palaces of Seoul :
Remainder of title Yi dynasty palaces in Korea's capital city /
Statement of responsibility, etc. text and photographs by Edward B. Adams.
260 ## - PUBLICATION, DISTRIBUTION, ETC. (IMPRINT)
Place of publication, distribution, etc. Seoul, Korea :
Name of publisher, distributor, etc. Seoul International Pub. House,
Date of publication, distribution, etc. c1972-1987
Date of manufacture (1987 printing)
300 ## - PHYSICAL DESCRIPTION
Pagination 216 p. :
Illustrations ill. ;
Size 21 cm.
500 ## - GENERAL NOTE
General note Includes index.
650 #0 - SUBJECT ADDED ENTRY--TOPICAL TERM
Topical term or geographic name as entry element Palaces
Geographic subdivision Korea (South)
-- Seoul.
9 (RLIN) 189476
Topical term or geographic name as entry element Vernacular architecture
Geographic subdivision Korea (South)
-- Seoul.
9 (RLIN) 189477
651 #0 - SUBJECT ADDED ENTRY--GEOGRAPHIC NAME
Geographic name Seoul (Korea)
General subdivision Buildings, structures, etc.
9 (RLIN) 189478
942 ## - ADDED ENTRY ELEMENTS (KOHA)
Source of classification or shelving scheme Dewey Decimal Classification
Koha item type Books
Holdings
Lost status Source of classification or shelving scheme Damaged status Not for loan Collection code Permanent Location Current Location Shelving location Date acquired Source of acquisition Total Checkouts Full call number Date last seen Copy number Koha item type
  Dewey Decimal Classification   Not For Loan Non-fiction Central Library, University of Rajshahi Central Library, University of Rajshahi Reading Room 11/06/1996 R.U.C.L.   915.195 ADP 1987 04/02/2017 C-1 Books